[Event "COL-ch U20"]
[Site "Bogota"]
[Date "2025.02.01"]
[Round "7"]
[White "Carrillo Barbosa, Simon"]
[Black "Cabarique Tirado, Diego Alejandro"]
[Result "1-0"]
[WhiteElo "1624"]
[BlackElo "1698"]
[PlyCount "115"]
[EventDate "2025.01.29"]
[EventType "tourn"]
[EventRounds "9"]
[EventCountry "COL"]
[SourceTitle "CB06_2025"]
[SourceDate "2025.02.05"]
[SourceVersion "1"]
[SourceVersionDate "2025.02.05"]
[SourceQuality "1"]

1. d4 Nf6 2. Bf4 d5 3. e3 Bf5 4. Nd2 e6 5. Ngf3 c5 6. c3 cxd4 7. exd4 Bd6 8. Ne5 Nc6 9. Be2 Qc7 10. g4 Bg6 11. Bb5 Nd7 12. Qe2 a6 13. Bxc6 bxc6 14. c4 Nxe5 15. dxe5 Bb4 16. Rc1 Qb6 17. a3 Bxd2+ 18. Qxd2 Rb8 19. b4 0-0 20. 0-0 Rfc8 21. Be3 Qd8 22. Bg5 Qd7 23. Rc3 h6 24. Bf6 Kh7 25. Rh3 Rh8 26. g5 h5 27. Kh1 Kg8 28. Rg1 Kf8 29. Qd4 Rb7 30. Qc5+ Kg8 31. cxd5 Qxd5+ 32. Qxd5 cxd5 33. Bd8 Rd7 34. Bb6 d4 35. Rd1 d3 36. Re3 Kh7 37. Kg2 Rc8 38. Bc5 a5 39. h4 axb4 40. axb4 Rd5 41. Kf3 Ra8 42. Ree1 Ra2 43. Kf4 Rxf2+ 44. Bxf2 Bf5 45. Rd2 Kg6 46. Rb1 Rb5 47. Bc5 f6 48. gxf6 gxf6 49. Rg1+ Kf7 50. Rg3 Rb8 51. exf6 Kxf6 52. Bd4+ Kf7 53. Bc5 Kf6 54. Rg5 e5+ 55. Ke3 e4 56. Rf2 Rd8 57. Rfxf5+ Ke6 58. Re5+ 1-0

[Event "COL-ch U20"]
[Site "Bogota"]
[Date "2025.01.31"]
[Round "5"]
[White "Carrillo Barbosa, Simon"]
[Black "Bustamante Herrera, Mateo"]
[Result "0-1"]
[WhiteElo "1624"]
[BlackElo "1821"]
[PlyCount "76"]
[EventDate "2025.01.29"]
[EventType "tourn"]
[EventRounds "9"]
[EventCountry "COL"]
[SourceTitle "CB06_2025"]
[SourceDate "2025.02.05"]
[SourceVersion "1"]
[SourceVersionDate "2025.02.05"]
[SourceQuality "1"]

1. Nf3 Nf6 2. d4 e6 3. Bf4 d5 4. e3 c5 5. c3 Nc6 6. Nbd2 Bd6 7. Bg3 0-0 8. Bd3 a6 9. Qe2 b6 10. 0-0 Qc7 11. e4 Bxg3 12. fxg3 dxe4 13. Nxe4 Nxe4 14. Qxe4 f5 15. Qe3 cxd4 16. cxd4 Qd6 17. Rad1 b5 18. Bc2 Bd7 19. Rfe1 Rae8 20. Ne5 Nxe5 21. dxe5 Qc7 22. Re2 Bc6 23. Bb3 Re7 24. Qc5 Rc8 25. Rc2 Bd5 26. Qxc7 Rexc7 27. Bxd5 exd5 28. Rcd2 Rc1 29. Rxc1 Rxc1+ 30. Kf2 Kf7 31. Rd3 d4 32. Rxd4 Rc2+ 33. Ke3 Ke6 34. Rd2 Rxd2 35. Kxd2 Kxe5 36. a3 h5 37. h3 h4 38. b4 hxg3 0-1

[Event "COL-ch U20"]
[Site "Bogota"]
[Date "2025.01.30"]
[Round "3"]
[White "Carrillo Barbosa, Simon"]
[Black "Contreras Salcedo, Samuel Esteban"]
[Result "1-0"]
[WhiteElo "1624"]
[BlackElo "1482"]
[PlyCount "37"]
[EventDate "2025.01.29"]
[EventType "tourn"]
[EventRounds "9"]
[EventCountry "COL"]
[SourceTitle "CB06_2025"]
[SourceDate "2025.02.05"]
[SourceVersion "1"]
[SourceVersionDate "2025.02.05"]
[SourceQuality "1"]

1. d4 Nf6 2. Bf4 d5 3. Nd2 c5 4. c3 Nc6 5. Ngf3 Bf5 6. e3 e6 7. h3 Bd6 8. Ne5 0-0 9. Ndf3 Qb6 10. b3 Ne4 11. Nd7 Qa5 12. Nd2 Qxc3 13. Rc1 Qb4 14. Bxd6 Nxd6 15. g4 Be4 16. f3 Bg6 17. Nxf8 cxd4 18. exd4 Nxd4 19. Nxg6 1-0

[Event "Bogota Ventura Cup"]
[Site "Bogota"]
[Date "2024.08.19"]
[Round "6"]
[White "Carrillo Barbosa, Simon"]
[Black "Duarte Guiza, Fredy Samuel"]
[Result "1-0"]
[WhiteElo "1735"]
[BlackElo "1434"]
[PlyCount "23"]
[EventDate "2024.08.18"]
[EventType "swiss"]
[EventRounds "6"]
[EventCountry "COL"]
[SourceTitle "CBM 221 Extra"]
[Source "ChessBase"]
[SourceDate "2024.09.30"]
[SourceVersion "1"]
[SourceVersionDate "2024.09.30"]
[SourceQuality "1"]

1. e4 e5 2. Nf3 Nc6 3. Bc4 Bc5 4. c3 Nf6 5. d4 exd4 6. cxd4 Bb4+ 7. Nc3 Nxe4 8. 0-0 0-0 9. Nxe4 d5 10. Neg5 dxc4 11. Qc2 b5 12. Qxh7# 1-0